Recenzia monografie Zwiebová, D.: Sieťové odvetvia v ekonomike SR
Recenzia monografie Zwiebová, D. Sieťové odvetvia v ekonomike SR. V monografii sa venuje pozornosť výrobnej základni elektroenergetiky v SR - tepelným, vodným a jadrovým elektrárňam ako aj ekologizácii výrobnej základne. Uvedené sú predpoklady na obnoviteľné zdroje energie a prínosy z ich využívani...
Salvato in:
| Autore principale: | |
|---|---|
| Natura: | Capitolo di libro |
| Lingua: | slovacco |
| Soggetti: | |
| Tags: |
Nessun Tag, puoi essere il primo ad aggiungerne!!
|
MARC
| LEADER | 00000naa$a2200000$$$4500 | ||
|---|---|---|---|
| 001 | 0036976 | ||
| 005 | 20240502071454.1 | ||
| 041 | 0 | |a slo | |
| 044 | |a SK | ||
| 245 | 1 | 0 | |a Recenzia monografie Zwiebová, D.: Sieťové odvetvia v ekonomike SR |c Eleonóra Fendeková |
| 520 | |a Recenzia monografie Zwiebová, D. Sieťové odvetvia v ekonomike SR. V monografii sa venuje pozornosť výrobnej základni elektroenergetiky v SR - tepelným, vodným a jadrovým elektrárňam ako aj ekologizácii výrobnej základne. Uvedené sú predpoklady na obnoviteľné zdroje energie a prínosy z ich využívania u nás a v krajinách EÚ. | ||
| 610 | 2 | 0 | |a Slovensko |
| 610 | 2 | 0 | |a recenzie |
| 610 | 2 | 0 | |a odvetvia sieťové |
| 610 | 2 | 0 | |a elektroenergetika |
| 610 | 2 | 0 | |a elektrárne |
| 610 | 2 | 0 | |a zdroje energie obnoviteľné |
| 100 | 1 | |a Fendeková, Eleonora, 1952- | |